[Event "WYCC Girls U16"]
[Site "Porto Carras"]
[Date "2015.10.27"]
[Round "3.2"]
[White "Avramidou, Anastasia"]
[Black "Chung, Mathilde"]
[Result "1/2-1/2"]
[BlackElo "2087"]
[WhiteElo "2249"]
[LiveChessVersion "1.4.6"]

1. d4 {[%clk 1:29:53]} g6 {[%clk 1:30:53]} 2. c4 {[%clk 1:30:18]} Bg7
{[%clk 1:31:18]} 3. e4 {[%clk 1:30:36]} d6 {[%clk 1:31:39]} 4. f3
{[%clk 1:30:43]} c6 {[%clk 1:30:11]} 5. Ne2 {[%clk 1:29:55]} b5 {[%clk 1:24:56]}
6. cxb5 {[%clk 1:29:09]} cxb5 {[%clk 1:25:20]} 7. Na3 {[%clk 1:22:04]} a6
{[%clk 1:22:23]} 8. Nc2 {[%clk 1:22:27]} Nc6 {[%clk 1:21:05]} 9. Be3 Qa5+
{[%clk 1:18:55]} 10. Qd2 {[%clk 0:53:29]} Qxd2+ {[%clk 1:16:07]} 11. Kxd2
{[%clk 0:51:50]} Nf6 {[%clk 1:13:43]} 12. Nc3 {[%clk 0:48:44]} O-O
{[%clk 1:10:55]} 13. Be2 {[%clk 0:43:28]} Bb7 {[%clk 1:09:19]} 14. Rhd1
{[%clk 0:41:56]} Rfc8 {[%clk 1:06:35]} 15. b4 {[%clk 0:36:51]} Rc7
{[%clk 0:56:34]} 16. a4 {[%clk 0:31:59]} bxa4 {[%clk 0:46:01]} 17. Nxa4
{[%clk 0:25:52]} Nd7 {[%clk 0:42:09]} 18. Rac1 {[%clk 0:23:52]} Rac8
{[%clk 0:39:51]} 19. d5 {[%clk 0:22:45]} Nce5 {[%clk 0:29:34]} 20. Na3
{[%clk 0:18:47]} f5 {[%clk 0:26:20]} 21. Rxc7 {[%clk 0:12:29]} Rxc7
{[%clk 0:26:46]} 22. Rc1 {[%clk 0:05:25]} Rxc1 {[%clk 0:27:13]} 23. Kxc1
{[%clk 0:05:52]} fxe4 {[%clk 0:27:24]} 24. fxe4 {[%clk 0:06:21]} Nf6
{[%clk 0:27:17]} 25. Nc3 {[%clk 0:06:23]} Neg4 {[%clk 0:24:48]} 26. Bg1
{[%clk 0:06:03]} Bh6+ {[%clk 0:22:43]} 27. Kc2 {[%clk 0:06:27]} Be3
{[%clk 0:22:39]} 28. Bxg4 {[%clk 0:05:15]} Nxg4 {[%clk 0:22:55]} 29. Bxe3
{[%clk 0:05:44]} Nxe3+ {[%clk 0:23:16]} 30. Kd3 {[%clk 0:05:50]} Nxg2
{[%clk 0:23:37]} 31. Nc2 {[%clk 0:04:59]} e6 {[%clk 0:21:37]} 32. Nd4
{[%clk 0:02:38]} exd5 {[%clk 0:21:26]} 33. exd5 {[%clk 0:03:06]} Kf7
{[%clk 0:20:55]} 34. Ke4 {[%clk 0:01:23]} Nh4 {[%clk 0:17:22]} 35. Ne6
{[%clk 0:00:56]} Ke7 {[%clk 0:17:08]} 36. Nd4 {[%clk 0:00:59]} Kf6
{[%clk 0:16:35]} 37. b5 {[%clk 0:00:51]} axb5 {[%clk 0:16:56]} 38. Ncxb5
{[%clk 0:00:55]} Nf5 {[%clk 0:16:27]} 39. Nxf5 {[%clk 0:00:45]} gxf5+
{[%clk 0:16:56]} 40. Kf4 {[%clk 0:30:43]} Bxd5 {[%clk 0:47:13]} 41. Nxd6
{[%clk 0:31:12]} Be6 {[%clk 0:47:30]} 42. Nb5 {[%clk 0:31:18]} Bc4
{[%clk 0:46:38]} 43. Nd4 {[%clk 0:31:26]} Bd3 {[%clk 0:46:58]} 44. Nf3
{[%clk 0:31:45]} 1/2-1/2

[Event "WYCC Girls U16"]
[Site "Porto Carras"]
[Date "2015.10.27"]
[Round "3.3"]
[White "Kassay, Lilla"]
[Black "Eswaran, Ashritha"]
[Result "0-1"]
[BlackElo "2207"]
[WhiteElo "2089"]
[LiveChessVersion "1.4.6"]

1. e4 {[%clk 1:30:58]} c5 {[%clk 1:30:38]} 2. Nf3 {[%clk 1:31:20]} Nc6
{[%clk 1:30:32]} 3. d4 {[%clk 1:31:43]} cxd4 {[%clk 1:30:39]} 4. Nxd4
{[%clk 1:32:05]} d5 {[%clk 1:30:34]} 5. Nxc6 {[%clk 1:26:33]} bxc6
{[%clk 1:30:22]} 6. exd5 {[%clk 1:24:56]} Qxd5 {[%clk 1:30:09]} 7. Qxd5
{[%clk 1:23:43]} cxd5 {[%clk 1:30:33]} 8. Nc3 {[%clk 1:19:49]} e6
{[%clk 1:25:36]} 9. Be3 {[%clk 1:13:58]} Bb4 10. Bd4 {[%clk 1:11:24]} f6
{[%clk 1:22:08]} 11. a3 {[%clk 1:05:51]} Bxc3+ {[%clk 1:20:01]} 12. Bxc3
{[%clk 1:05:50]} e5 {[%clk 1:19:19]} 13. O-O-O {[%clk 1:03:30]} Bb7
{[%clk 1:13:39]} 14. Bb5+ {[%clk 0:59:37]} Kf7 {[%clk 1:10:51]} 15. f3
{[%clk 0:57:52]} Ne7 {[%clk 1:09:22]} 16. Rhe1 {[%clk 0:53:10]} h5
{[%clk 1:03:21]} 17. Re2 {[%clk 0:46:19]} h4 {[%clk 0:58:30]} 18. h3
{[%clk 0:45:04]} g5 {[%clk 0:54:42]} 19. Kb1 {[%clk 0:28:09]} Ng6
{[%clk 0:50:31]} 20. Bd2 {[%clk 0:26:30]} Rhd8 {[%clk 0:43:23]} 21. Ba5
{[%clk 0:21:54]} Rg8 {[%clk 0:38:32]} 22. c4 {[%clk 0:19:25]} Nf4
{[%clk 0:33:37]} 23. Red2 {[%clk 0:18:57]} d4 {[%clk 0:31:31]} 24. c5
{[%clk 0:17:46]} Rgc8 {[%clk 0:28:10]} 25. Rc1 {[%clk 0:17:20]} Bc6
{[%clk 0:25:22]} 26. Ba6 {[%clk 0:16:14]} Ne6 {[%clk 0:19:31]} 27. Bxc8
{[%clk 0:15:54]} Rxc8 {[%clk 0:19:57]} 28. b4 {[%clk 0:11:45]} f5
{[%clk 0:18:48]} 29. Rcd1 {[%clk 0:08:40]} Nf4 {[%clk 0:15:28]} 30. Re1
{[%clk 0:07:56]} Kf6 {[%clk 0:15:32]} 31. Kb2 {[%clk 0:07:05]} Ba4
{[%clk 0:12:27]} 32. Rc1 {[%clk 0:06:18]} Ne6 {[%clk 0:11:50]} 33. Re1
{[%clk 0:06:09]} Bc6 {[%clk 0:10:32]} 34. Rde2 {[%clk 0:05:02]} Nf4
{[%clk 0:10:35]} 35. Rd2 {[%clk 0:04:43]} g4 {[%clk 0:07:10]} 36. hxg4
{[%clk 0:04:21]} fxg4 {[%clk 0:07:29]} 37. fxg4 {[%clk 0:01:44]} Nxg2
{[%clk 0:06:39]} 38. Rf1+ {[%clk 0:01:38]} Nf4 {[%clk 0:05:07]} 39. Rh2
{[%clk 0:00:59]} Kg5 {[%clk 0:05:19]} 40. Rg1 {[%clk 0:30:49]} h3
{[%clk 0:34:07]} 41. Kc2 {[%clk 0:27:46]} e4 {[%clk 0:33:14]} 42. Kd2
{[%clk 0:27:09]} e3+ {[%clk 0:32:49]} 43. Ke1 {[%clk 0:27:10]} d3
{[%clk 0:31:53]} 44. Kd1 {[%clk 0:22:18]} Ba4+ {[%clk 0:31:03]} 45. Ke1
{[%clk 0:22:30]} d2+ {[%clk 0:30:39]} 46. Rxd2 {[%clk 0:22:53]} exd2+
{[%clk 0:31:05]} 47. Kxd2 {[%clk 0:23:16]} Bc6 {[%clk 0:31:29]} 0-1

[Event "WYCC Girls U16"]
[Site "Porto Carras"]
[Date "2015.10.27"]
[Round "3.4"]
[White "Di Benedetto, Desiree"]
[Black "Gazikova, Veronika"]
[Result "1-0"]
[BlackElo "2190"]
[WhiteElo "2083"]
[LiveChessVersion "1.4.6"]

1. e4 {[%clk 1:30:49]} e5 {[%clk 1:30:53]} 2. Nf3 {[%clk 1:31:14]} Nc6
{[%clk 1:31:17]} 3. Bb5 {[%clk 1:31:31]} a6 {[%clk 1:31:41]} 4. Ba4
{[%clk 1:31:51]} d6 {[%clk 1:32:06]} 5. c3 {[%clk 1:32:04]} f5 {[%clk 1:32:30]}
6. exf5 {[%clk 1:32:30]} Bxf5 {[%clk 1:32:55]} 7. O-O {[%clk 1:32:57]} Bd3
{[%clk 1:33:02]} 8. Re1 {[%clk 1:33:22]} Be7 {[%clk 1:33:20]} 9. Qb3
{[%clk 1:29:53]} b5 {[%clk 1:32:45]} 10. Qd5 {[%clk 1:29:55]} Qd7
{[%clk 1:33:09]} 11. Qxd3 {[%clk 1:29:52]} bxa4 {[%clk 1:33:32]} 12. Qc2
{[%clk 1:29:53]} Nf6 {[%clk 1:33:13]} 13. d3 {[%clk 1:28:55]} O-O
{[%clk 1:33:06]} 14. Nbd2 {[%clk 1:28:00]} Nd5 {[%clk 1:30:04]} 15. Ne4
{[%clk 1:18:30]} Nf4 16. Ng3 {[%clk 1:08:12]} Rf7 {[%clk 1:08:07]} 17. Bxf4
{[%clk 1:01:29]} exf4 {[%clk 1:05:25]} 18. Ne4 {[%clk 0:54:52]} d5
{[%clk 1:02:04]} 19. Ned2 {[%clk 0:47:34]} a3 {[%clk 0:58:13]} 20. b3
{[%clk 0:39:12]} Bf6 {[%clk 0:50:08]} 21. d4 {[%clk 0:37:50]} Qd6
{[%clk 0:46:48]} 22. Re2 {[%clk 0:33:10]} Re7 {[%clk 0:40:35]} 23. Rae1
{[%clk 0:31:46]} Rae8 {[%clk 0:34:36]} 24. Qd3 {[%clk 0:31:04]} Rxe2
{[%clk 0:24:52]} 25. Rxe2 {[%clk 0:31:30]} Rxe2 {[%clk 0:25:11]} 26. Qxe2
{[%clk 0:31:55]} Ne7 {[%clk 0:25:33]} 27. b4 {[%clk 0:28:30]} Qc6
{[%clk 0:20:29]} 28. Qd3 {[%clk 0:27:10]} Nc8 {[%clk 0:20:44]} 29. Nb3
{[%clk 0:19:08]} Nd6 {[%clk 0:18:40]} 30. Nfd2 {[%clk 0:17:02]} Ne4
{[%clk 0:13:36]} 31. Nb1 {[%clk 0:13:53]} Qe6 {[%clk 0:11:40]} 32. Qe2
{[%clk 0:07:19]} Qf5 33. f3 {[%clk 0:05:31]} Nd6 {[%clk 0:06:13]} 34. Nxa3
{[%clk 0:05:39]} Kf7 {[%clk 0:04:05]} 35. Nc5 {[%clk 0:05:09]} Nb5
{[%clk 0:03:14]} 36. Nxb5 {[%clk 0:04:55]} axb5 {[%clk 0:03:14]} 37. Qd3
{[%clk 0:04:15]} Qxd3 {[%clk 0:02:25]} 38. Nxd3 {[%clk 0:04:43]} g5
{[%clk 0:02:47]} 39. Kf2 {[%clk 0:03:28]} Ke6 {[%clk 0:03:00]} 40. Nc5+
{[%clk 0:32:38]} Kd6 {[%clk 0:33:09]} 41. g3 {[%clk 0:20:43]} fxg3+
{[%clk 0:33:14]} 42. Kxg3 {[%clk 0:17:57]} h5 {[%clk 0:33:29]} 43. Kf2
{[%clk 0:09:39]} Bg7 {[%clk 0:33:09]} 44. Ke2 {[%clk 0:07:54]} Bh6
{[%clk 0:33:17]} 45. Nd3 {[%clk 0:04:19]} Ke6 {[%clk 0:33:07]} 46. Nc5+
{[%clk 0:04:36]} Kd6 {[%clk 0:33:32]} 47. h3 {[%clk 0:03:23]} Bg7
{[%clk 0:33:31]} 48. a4 {[%clk 0:03:11]} bxa4 {[%clk 0:33:40]} 49. Nxa4
{[%clk 0:03:40]} Kc6 {[%clk 0:32:34]} 50. Nc5 {[%clk 0:03:49]} Bf6
{[%clk 0:32:48]} 51. Kd3 {[%clk 0:04:01]} Kb5 {[%clk 0:32:30]} 52. Nd7
{[%clk 0:04:18]} Be7 {[%clk 0:32:37]} 53. Ne5 {[%clk 0:04:30]} Bf6
{[%clk 0:31:17]} 54. Nd7 {[%clk 0:02:16]} Be7 {[%clk 0:31:42]} 55. Nc5
{[%clk 0:02:34]} Bf6 {[%clk 0:30:39]} 56. Nb3 {[%clk 0:02:44]} Be7
{[%clk 0:30:48]} 57. Nc1 {[%clk 0:02:54]} Bd6 {[%clk 0:30:20]} 58. Ne2
{[%clk 0:02:56]} Bh2 {[%clk 0:30:40]} 59. Nc1 {[%clk 0:02:34]} Bd6
{[%clk 0:30:53]} 60. Nb3 {[%clk 0:02:55]} Be7 {[%clk 0:29:46]} 61. Nc5
{[%clk 0:03:14]} Bf6 {[%clk 0:29:31]} 62. Ne6 {[%clk 0:02:40]} c6
{[%clk 0:27:52]} 63. Kd2 {[%clk 0:02:48]} Kc4 {[%clk 0:27:17]} 64. Kc2
{[%clk 0:02:59]} Be7 {[%clk 0:26:36]} 65. Ng7 {[%clk 0:02:41]} h4
{[%clk 0:26:43]} 66. Nf5 {[%clk 0:02:56]} Bf8 {[%clk 0:27:02]} 67. Ne3+
{[%clk 0:02:08]} Kb5 {[%clk 0:27:23]} 68. Kd3 {[%clk 0:02:25]} Bd6
{[%clk 0:27:18]} 69. Kc2 {[%clk 0:01:44]} Bf4 {[%clk 0:27:27]} 70. Nf5
{[%clk 0:02:03]} Kc4 {[%clk 0:27:29]} 71. Ne7 {[%clk 0:02:12]} Kb5
{[%clk 0:27:54]} 72. Kb3 {[%clk 0:02:15]} Bd6 {[%clk 0:27:14]} 73. Nf5
{[%clk 0:02:29]} Bf4 {[%clk 0:27:35]} 74. Ng7 {[%clk 0:02:48]} Be3
{[%clk 0:25:32]} 75. Ne6 {[%clk 0:02:15]} Bd2 {[%clk 0:25:10]} 76. Kc2
{[%clk 0:02:25]} Be3 {[%clk 0:25:34]} 77. Kd3 {[%clk 0:02:05]} Bc1
{[%clk 0:25:59]} 78. Nc5 {[%clk 0:01:43]} Bf4 {[%clk 0:25:56]} 79. Nb3
{[%clk 0:01:34]} Bc7 {[%clk 0:25:24]} 80. Nd2 {[%clk 0:01:37]} Bf4
{[%clk 0:25:35]} 81. Nb1 {[%clk 0:01:28]} Ka4 {[%clk 0:24:03]} 82. c4
{[%clk 0:01:01]} dxc4+ {[%clk 0:16:48]} 83. Kxc4 {[%clk 0:01:56]} Bd6
{[%clk 0:17:45]} 84. Nc3+ {[%clk 0:02:14]} Ka3 {[%clk 0:18:07]} 85. b5
{[%clk 0:02:26]} 1-0

[Event "WYCC Girls U16"]
[Site "Porto Carras"]
[Date "2015.10.27"]
[Round "3.5"]
[White "Kiolbasa, Oliwia"]
[Black "Buiza Prieto, Eihartze"]
[Result "1/2-1/2"]
[BlackElo "2057"]
[WhiteElo "2182"]
[LiveChessVersion "1.4.6"]

1. e4 {[%clk 1:30:57]} c5 {[%clk 1:30:53]} 2. Nf3 {[%clk 1:31:11]} d6
{[%clk 1:31:19]} 3. d4 {[%clk 1:31:27]} cxd4 {[%clk 1:31:44]} 4. Nxd4
{[%clk 1:31:45]} Nf6 {[%clk 1:32:09]} 5. Nc3 {[%clk 1:32:00]} g6 {[%clk 1:32:30]}
6. Be3 {[%clk 1:32:09]} Bg7 {[%clk 1:32:53]} 7. f3 {[%clk 1:32:24]} O-O
{[%clk 1:33:11]} 8. Qd2 {[%clk 1:32:45]} Nc6 {[%clk 1:33:31]} 9. g4
{[%clk 1:32:56]} Bxg4 {[%clk 1:33:54]} 10. fxg4 {[%clk 1:13:21]} Nxg4 11. Nb3
{[%clk 0:48:18]} a5 {[%clk 1:34:25]} 12. Na4 {[%clk 0:47:22]} Nxe3
{[%clk 1:20:11]} 13. Qxe3 {[%clk 0:47:27]} Nb4 {[%clk 1:20:34]} 14. Qf2
{[%clk 0:30:47]} Qd7 {[%clk 1:12:01]} 15. Nb6 {[%clk 0:26:01]} Qg4
{[%clk 1:12:17]} 16. Bd3 {[%clk 0:23:03]} Bxb2 {[%clk 1:01:45]} 17. Nxa8
{[%clk 0:22:21]} Bc3+ {[%clk 1:01:50]} 18. Kf1 {[%clk 0:22:18]} Bxa1
{[%clk 0:56:36]} 19. Nxa1 {[%clk 0:15:02]} Rxa8 {[%clk 0:52:54]} 20. h3
{[%clk 0:14:06]} Qe6 {[%clk 0:51:25]} 21. a3 {[%clk 0:08:17]} Nxd3 22. cxd3
{[%clk 0:08:44]} d5 {[%clk 0:44:37]} 23. Kg2 {[%clk 0:07:02]} dxe4
{[%clk 0:43:42]} 24. Re1 {[%clk 0:07:30]} Qd6 {[%clk 0:43:10]} 25. dxe4
{[%clk 0:07:06]} Qxa3 {[%clk 0:39:57]} 26. Nc2 {[%clk 0:06:22]} Qc3
{[%clk 0:35:15]} 27. Ne3 {[%clk 0:04:50]} a4 {[%clk 0:30:45]} 28. Rf1
{[%clk 0:04:05]} Rf8 {[%clk 0:28:39]} 29. Ng4 {[%clk 0:04:24]} Kh8
{[%clk 0:18:54]} 30. Qa2 {[%clk 0:02:44]} f6 {[%clk 0:13:45]} 31. Qxa4
{[%clk 0:01:57]} h5 {[%clk 0:13:29]} 32. Rf3 {[%clk 0:00:46]} Qb2+
{[%clk 0:11:24]} 33. Nf2 {[%clk 0:01:11]} b5 {[%clk 0:11:31]} 34. Qb3
{[%clk 0:00:37]} Qe5 {[%clk 0:11:28]} 35. Qb4 {[%clk 0:00:42]} Rc8
{[%clk 0:09:26]} 36. Rb3 {[%clk 0:00:47]} Rc5 {[%clk 0:08:09]} 37. h4
{[%clk 0:00:40]} Rc2 {[%clk 0:05:21]} 38. Rg3 {[%clk 0:00:37]} Qf4
{[%clk 0:04:34]} 39. Rf3 {[%clk 0:00:35]} Qg4+ {[%clk 0:04:52]} 40. Rg3
{[%clk 0:30:59]} Qf4 {[%clk 0:35:12]} 41. Rf3 {[%clk 0:17:28]} Qg4+
{[%clk 0:35:27]} 42. Rg3 {[%clk 0:17:55]} Qf4 {[%clk 0:35:50]} 1/2-1/2

[Event "WYCC Girls U16"]
[Site "Porto Carras"]
[Date "2015.10.27"]
[Round "3.6"]
[White "Sieber, Fiona"]
[Black "Argote Heredia, Valentina"]
[Result "1-0"]
[BlackElo "2029"]
[WhiteElo "2180"]
[LiveChessVersion "1.4.6"]

1. e4 {[%clk 1:30:58]} c5 {[%clk 1:30:53]} 2. Nf3 {[%clk 1:31:23]} d6
{[%clk 1:31:17]} 3. d4 {[%clk 1:31:48]} cxd4 {[%clk 1:31:37]} 4. Nxd4
{[%clk 1:32:13]} Nf6 {[%clk 1:32:02]} 5. Nc3 {[%clk 1:32:40]} a6 {[%clk 1:32:28]}
6. Be3 {[%clk 1:33:06]} e6 {[%clk 1:32:53]} 7. f3 {[%clk 1:33:30]} Nbd7
{[%clk 1:33:04]} 8. g4 {[%clk 1:32:45]} Nb6 {[%clk 1:30:58]} 9. Qd2
{[%clk 1:29:23]} Qc7 {[%clk 1:29:54]} 10. O-O-O Nfd7 {[%clk 1:25:31]} 11. Qf2
{[%clk 0:59:50]} Nc4 {[%clk 1:23:32]} 12. Bxc4 {[%clk 1:00:11]} Qxc4
{[%clk 1:23:56]} 13. Kb1 {[%clk 0:57:24]} b5 {[%clk 1:23:03]} 14. h4
{[%clk 0:55:07]} Bb7 {[%clk 1:21:47]} 15. g5 {[%clk 0:53:48]} Rc8
{[%clk 1:21:19]} 16. h5 {[%clk 0:50:52]} Ne5 {[%clk 1:20:48]} 17. Nb3
{[%clk 0:47:10]} Ba8 {[%clk 1:14:31]} 18. Bb6 {[%clk 0:40:24]} Qc6
{[%clk 1:09:53]} 19. Na5 {[%clk 0:38:48]} Qd7 {[%clk 1:10:08]} 20. f4
{[%clk 0:35:15]} Nc4 {[%clk 1:09:28]} 21. Nxc4 {[%clk 0:35:22]} Rxc4
{[%clk 1:09:44]} 22. Qe2 {[%clk 0:24:54]} Qc8 {[%clk 0:57:54]} 23. Bd4
{[%clk 0:23:45]} Qc6 {[%clk 0:50:57]} 24. h6 {[%clk 0:16:35]} Rxd4
{[%clk 0:43:32]} 25. Rxd4 {[%clk 0:16:35]} gxh6 {[%clk 0:40:31]} 26. gxh6
{[%clk 0:14:30]} Qc5 {[%clk 0:40:19]} 27. Rdd1 {[%clk 0:13:36]} Rg8
{[%clk 0:40:41]} 28. Rh5 {[%clk 0:10:48]} Qb6 {[%clk 0:37:14]} 29. Rg5
{[%clk 0:10:10]} Rxg5 {[%clk 0:36:40]} 30. fxg5 {[%clk 0:10:38]} b4
{[%clk 0:37:02]} 31. Na4 {[%clk 0:10:04]} Qa5 {[%clk 0:36:25]} 32. b3
{[%clk 0:08:32]} Bc6 {[%clk 0:32:45]} 33. Nb2 {[%clk 0:07:24]} Qxg5
{[%clk 0:31:11]} 34. Qxa6 {[%clk 0:07:32]} Bxe4 {[%clk 0:30:27]} 35. Nc4
{[%clk 0:04:59]} Qg2 {[%clk 0:27:35]} 36. Qc8+ {[%clk 0:04:59]} Ke7
{[%clk 0:27:51]} 37. Nxd6 {[%clk 0:04:48]} Bg6 {[%clk 0:26:48]} 38. Ne4
{[%clk 0:04:20]} 1-0

[Event "WYCC Girls U16"]
[Site "Porto Carras"]
[Date "2015.10.27"]
[Round "3.7"]
[White "Salah, Nadezhda"]
[Black "Pychova, Nela"]
[Result "0-1"]
[BlackElo "2137"]
[WhiteElo "2015"]
[LiveChessVersion "1.4.6"]

1. d4 {[%clk 1:30:40]} Nf6 {[%clk 1:30:51]} 2. Nc3 {[%clk 1:30:35]} d5
{[%clk 1:25:05]} 3. Bf4 {[%clk 1:30:42]} Bf5 {[%clk 1:19:42]} 4. f3
{[%clk 1:30:21]} h6 {[%clk 1:13:43]} 5. g4 {[%clk 1:28:40]} Bh7 {[%clk 1:10:13]}
6. h4 {[%clk 1:25:17]} e6 {[%clk 1:07:03]} 7. e3 {[%clk 1:24:41]} Bd6
{[%clk 1:04:31]} 8. Bd3 {[%clk 1:23:05]} Bxd3 {[%clk 0:59:15]} 9. cxd3
{[%clk 1:23:11]} Bxf4 {[%clk 0:52:21]} 10. exf4 {[%clk 1:23:33]} c6
{[%clk 0:52:11]} 11. Nge2 {[%clk 1:23:17]} h5 {[%clk 0:49:39]} 12. g5
{[%clk 1:17:28]} Ng8 {[%clk 0:49:25]} 13. f5 {[%clk 1:06:42]} exf5
{[%clk 0:44:18]} 14. Nf4 {[%clk 1:02:46]} Ne7 {[%clk 0:40:29]} 15. Qe2
{[%clk 0:54:05]} g6 {[%clk 0:37:09]} 16. O-O-O {[%clk 0:45:54]} O-O
{[%clk 0:36:29]} 17. Rde1 {[%clk 0:43:58]} Nc8 {[%clk 0:33:33]} 18. Nxh5
{[%clk 0:13:16]} gxh5 {[%clk 0:31:39]} 19. f4 {[%clk 0:13:37]} Qd6
{[%clk 0:29:26]} 20. Qxh5 {[%clk 0:12:26]} Na6 {[%clk 0:18:39]} 21. Rhg1
{[%clk 0:10:28]} Ne7 {[%clk 0:08:15]} 22. Re5 {[%clk 0:06:22]} Ng6
{[%clk 0:07:40]} 23. Rxf5 {[%clk 0:06:21]} Qe6 {[%clk 0:05:44]} 24. Rf6
{[%clk 0:02:00]} Qe3+ {[%clk 0:03:31]} 25. Kc2 {[%clk 0:02:29]} Qxd4
{[%clk 0:02:49]} 26. Qg4 {[%clk 0:01:38]} Nb4+ {[%clk 0:02:56]} 27. Kb3
{[%clk 0:01:44]} Nxd3 {[%clk 0:01:29]} 28. Rg3 {[%clk 0:00:42]} Ngxf4
{[%clk 0:01:01]} 29. Rxd3 {[%clk 0:00:34]} Qc4+ {[%clk 0:01:15]} 0-1

[Event "WYCC Girls U16"]
[Site "Porto Carras"]
[Date "2015.10.27"]
[Round "3.8"]
[White "Abdusattorova, Bakhora"]
[Black "Monroy G., Nataly A."]
[Result "1-0"]
[BlackElo "1931"]
[WhiteElo "2120"]
[LiveChessVersion "1.4.6"]

1. d4 {[%clk 1:30:45]} Nf6 {[%clk 1:30:14]} 2. c4 {[%clk 1:31:04]} c5
{[%clk 1:29:58]} 3. d5 {[%clk 1:31:21]} e6 {[%clk 1:29:27]} 4. Nc3
{[%clk 1:31:37]} exd5 {[%clk 1:29:03]} 5. cxd5 {[%clk 1:31:56]} d6
{[%clk 1:29:15]} 6. e4 {[%clk 1:32:09]} g6 {[%clk 1:28:15]} 7. h3
{[%clk 1:31:42]} Bg7 {[%clk 1:27:09]} 8. Nf3 {[%clk 1:32:02]} O-O
{[%clk 1:26:30]} 9. Bd3 {[%clk 1:32:11]} a6 {[%clk 1:26:36]} 10. a4
{[%clk 1:32:03]} b6 {[%clk 1:26:41]} 11. O-O {[%clk 1:31:30]} Re8
{[%clk 1:24:09]} 12. Bf4 {[%clk 1:29:42]} Qc7 {[%clk 1:24:04]} 13. Nd2
{[%clk 1:27:07]} Nfd7 {[%clk 1:20:58]} 14. Nc4 Ne5 15. Nxe5 {[%clk 1:17:43]} dxe5
{[%clk 1:11:13]} 16. Bh2 {[%clk 1:17:18]} Nd7 {[%clk 1:11:28]} 17. Qe2
{[%clk 1:15:12]} Bb7 {[%clk 1:08:04]} 18. Rac1 {[%clk 1:12:39]} Rec8
{[%clk 1:05:56]} 19. Nd1 {[%clk 1:08:54]} Nf6 {[%clk 1:01:22]} 20. Ne3
{[%clk 1:02:16]} Ne8 {[%clk 1:01:33]} 21. Kh1 {[%clk 0:59:15]} Nd6
{[%clk 0:59:07]} 22. f4 {[%clk 0:58:00]} exf4 {[%clk 0:51:27]} 23. Bxf4
{[%clk 0:56:11]} Qe7 {[%clk 0:51:45]} 24. Qf3 {[%clk 0:53:21]} Rf8
{[%clk 0:49:29]} 25. Rce1 {[%clk 0:42:51]} Rae8 {[%clk 0:43:32]} 26. e5
{[%clk 0:27:35]} Nc8 {[%clk 0:24:14]} 27. Bc4 {[%clk 0:21:41]} Qd7
{[%clk 0:23:02]} 28. Bb3 {[%clk 0:12:32]} Kh8 {[%clk 0:22:40]} 29. Qg3
{[%clk 0:12:29]} b5 {[%clk 0:18:06]} 30. e6 {[%clk 0:12:06]} fxe6
{[%clk 0:17:50]} 31. dxe6 {[%clk 0:11:56]} Qe7 {[%clk 0:15:33]} 32. Bg5
{[%clk 0:09:12]} Rxf1+ {[%clk 0:11:23]} 33. Nxf1 {[%clk 0:05:19]} Qd6
{[%clk 0:10:31]} 34. Bf4 {[%clk 0:04:59]} Qc6 {[%clk 0:10:45]} 35. axb5
{[%clk 0:03:20]} axb5 {[%clk 0:11:11]} 36. Qf2 {[%clk 0:02:22]} c4
{[%clk 0:11:14]} 37. Bd1 {[%clk 0:02:46]} Ne7 {[%clk 0:10:07]} 38. Bf3
{[%clk 0:02:05]} Qc8 {[%clk 0:09:49]} 39. Bg4 {[%clk 0:01:24]} Qc6
{[%clk 0:08:23]} 40. Be5 {[%clk 0:31:06]} Nf5 {[%clk 0:35:18]} 41. Bxf5
{[%clk 0:28:45]} gxf5 {[%clk 0:35:16]} 42. Bxg7+ {[%clk 0:29:03]} Kxg7
{[%clk 0:35:41]} 43. Ne3 {[%clk 0:29:22]} Rf8 {[%clk 0:25:26]} 44. e7
{[%clk 0:26:31]} Rf7 {[%clk 0:25:51]} 45. Qg3+ {[%clk 0:24:43]} Kh8
{[%clk 0:22:59]} 46. Nxf5 {[%clk 0:24:58]} Qe8 {[%clk 0:22:39]} 47. Qe5+
{[%clk 0:25:20]} 1-0

[Event "WYCC Girls U16"]
[Site "Porto Carras"]
[Date "2015.10.27"]
[Round "3.9"]
[White "Chandreyee, Hajra"]
[Black "Bykovtsev, Agata"]
[Result "0-1"]
[BlackElo "2117"]
[WhiteElo "1928"]
[LiveChessVersion "1.4.6"]

1. e4 {[%clk 1:30:41]} c5 {[%clk 1:30:55]} 2. Nf3 {[%clk 1:31:02]} d6
{[%clk 1:31:20]} 3. d4 {[%clk 1:31:26]} cxd4 {[%clk 1:31:46]} 4. Nxd4
{[%clk 1:31:49]} Nf6 {[%clk 1:32:07]} 5. Nc3 {[%clk 1:32:14]} a6 {[%clk 1:32:33]}
6. Be2 {[%clk 1:32:10]} e5 {[%clk 1:32:56]} 7. Nb3 {[%clk 1:32:34]} Be7
{[%clk 1:33:12]} 8. Be3 {[%clk 1:32:55]} Be6 {[%clk 1:33:16]} 9. O-O
{[%clk 1:33:18]} O-O {[%clk 1:33:31]} 10. Qd3 {[%clk 1:33:36]} Nbd7
{[%clk 1:31:20]} 11. Nd5 {[%clk 1:33:43]} Bxd5 {[%clk 1:30:56]} 12. exd5
{[%clk 1:34:06]} Nc5 {[%clk 1:28:36]} 13. Nxc5 {[%clk 1:34:07]} dxc5
{[%clk 1:29:04]} 14. Rad1 {[%clk 1:30:05]} Qd6 {[%clk 1:24:07]} 15. c4
{[%clk 1:28:56]} a5 {[%clk 1:18:25]} 16. a3 b6 17. f4 {[%clk 1:22:51]} e4
{[%clk 1:17:00]} 18. Qd2 {[%clk 1:20:55]} Nd7 {[%clk 1:14:22]} 19. f5
{[%clk 1:19:10]} Bf6 {[%clk 1:13:37]} 20. g4 {[%clk 1:14:04]} Be5
{[%clk 1:03:52]} 21. Rf2 {[%clk 1:12:24]} Rae8 {[%clk 1:00:06]} 22. Rdf1
{[%clk 1:10:01]} f6 {[%clk 0:45:03]} 23. Rg2 {[%clk 1:06:26]} Re7
{[%clk 0:37:22]} 24. Kh1 {[%clk 1:02:46]} Kh8 {[%clk 0:30:18]} 25. Bd1
{[%clk 0:57:25]} b5 {[%clk 0:21:05]} 26. Qxa5 {[%clk 0:49:27]} bxc4
{[%clk 0:20:34]} 27. Rd2 {[%clk 0:42:21]} Rb8 {[%clk 0:18:54]} 28. Ba4
{[%clk 0:40:13]} Bd4 {[%clk 0:14:37]} 29. Bxd4 {[%clk 0:39:32]} cxd4
{[%clk 0:15:06]} 30. Rxd4 {[%clk 0:37:57]} Ne5 {[%clk 0:15:16]} 31. Bd1
{[%clk 0:26:43]} Rxb2 {[%clk 0:12:21]} 32. Rd2 {[%clk 0:24:02]} Rb8
{[%clk 0:07:56]} 33. Qc3 {[%clk 0:22:55]} Rc7 {[%clk 0:07:09]} 34. Re1
{[%clk 0:14:27]} Nd3 {[%clk 0:07:26]} 35. Rxe4 {[%clk 0:13:44]} Qxd5
{[%clk 0:07:31]} 36. Bf3 {[%clk 0:13:10]} Qc5 {[%clk 0:07:01]} 37. Kg2
{[%clk 0:10:57]} Rcc8 {[%clk 0:06:33]} 38. Rc2 {[%clk 0:07:28]} Ne5
{[%clk 0:06:01]} 39. Qe3 {[%clk 0:04:40]} Qf8 {[%clk 0:03:21]} 40. Be2
{[%clk 0:33:21]} Rb3 {[%clk 0:33:04]} 41. Qc1 {[%clk 0:26:21]} c3
{[%clk 0:32:52]} 42. a4 {[%clk 0:20:51]} Qc5 {[%clk 0:28:43]} 43. Qe3
{[%clk 0:19:04]} Qa5 {[%clk 0:26:37]} 44. Rd4 {[%clk 0:13:59]} Qc7
{[%clk 0:25:46]} 45. Kh3 {[%clk 0:12:00]} h6 {[%clk 0:25:05]} 46. Rd5
{[%clk 0:08:36]} Rb2 {[%clk 0:20:17]} 47. Qc1 {[%clk 0:08:47]} Qb7
{[%clk 0:16:05]} 48. Rb5 {[%clk 0:08:49]} Rxb5 {[%clk 0:14:22]} 49. axb5
{[%clk 0:09:14]} Nf3 {[%clk 0:08:04]} 50. Qe3 {[%clk 0:08:18]} Ne1
{[%clk 0:07:34]} 51. Rxc3 {[%clk 0:08:23]} Rxc3 {[%clk 0:07:57]} 52. Qxc3
{[%clk 0:08:37]} Qg2+ {[%clk 0:08:22]} 53. Kh4 {[%clk 0:09:01]} Qxh2+
{[%clk 0:08:45]} 54. Qh3 {[%clk 0:09:18]} Ng2+ {[%clk 0:08:47]} 0-1